000 00388nam a2200145Ia 4500
008 220217s9999||||xx |||||||||||||| ||und||
020 _a9780415561266
082 _a627.5 KNA
100 _aKnappett J.A and Craig R.F
_99708
245 0 _aCraig's soil mechanics
250 _a8th
260 _aSpon press
_bLondon
_c2012
300 _aXXV, 552p.
_b795
650 _aSOIL ENGINEERING
999 _c187232
_d187232